000 01564nam a2200265 a 4500
001 000020694
003 DO-SdBNP
005 20260303090147.0
008 100812s2018 000 0 eng d
020 _a9789945613032
040 _aDO-SdBNP
_bspa
_cBNPHU
100 1 _aCabrera Prieto, Gerardo
_943439
245 1 0 _aDocumentos de la República Dominicana en el archivo nacional de Cuba /
_cGerardo Cabrera Prieto ; presentación, Eliades Acosta Matos.
260 _aSanto Domingo :
_bArchivo General de la Nación,
_c2018.
300 _a503 p. ,
_c23 cm.
490 0 _aArchivo General de la Nación
_v348
500 _aIncluye datos biográficos del autor en las solapas
500 _aIncluye índice onomástico
500 _aIncluye referencias bibliográficas y notas al pie de las páginas.
505 _aPresentación --
_tPrólogo --
_tIglesia, enseñanza y documentos legales --
_tTierras, ingenios y hacendados --
_tLey, esclavitud y resistencia --
_tEmigración, sociedad y vida cotidiana --
_tMáximo Gómez, Santo Domingo y la independencia de Cuba --
_tMáximo Gómez en Santo Domingo y Santo Domingo en la vida de Máximo Gómez --
_tSanto Domingo, relaciones diplomáticas y defensa del derecho a la libertad --
_t-La justicia en Santo Domingo --
_t La justicia en Santo Domingo --
_tSanto Domingo después del restablecimiento del dominio colonial español --
700 1 _aAcosta Matos, Eliades,
_d1959-
_epresentación
_974479
710 2 _aArchivo General de la Nación (República Dominicana)
_985400
942 _2ddc
_cLF1
956 _aLOPEREZ
999 _c20198
_d20198